<?xml version="1.0" encoding="UTF-8"?>
<collection xmlns="http://www.loc.gov/MARC21/slim">
<record>
  <controlfield tag="001">3938</controlfield>
  <controlfield tag="005">20190128143632.0</controlfield>
  <datafield tag="024" ind1="7" ind2=" ">
    <subfield code="a">10.1007/s10509-018-3480-1</subfield>
    <subfield code="2">DOI</subfield>
  </datafield>
  <datafield tag="037" ind1=" " ind2=" ">
    <subfield code="a">SCART-2019-0078</subfield>
  </datafield>
  <datafield tag="100" ind1=" " ind2=" ">
    <subfield code="a">Chowdhury, S.</subfield>
  </datafield>
  <datafield tag="245" ind1=" " ind2=" ">
    <subfield code="a">A study of pulsation &amp; rotation in a sample of A-K type stars in the Kepler field</subfield>
  </datafield>
  <datafield tag="260" ind1=" " ind2=" ">
    <subfield code="c">2018</subfield>
  </datafield>
  <datafield tag="520" ind1=" " ind2=" ">
    <subfield code="a">We present the results of time-series photometric analysis of 15106 A-K type stars observed by the Kepler space mission. We identified 513 new rotational variables and measured their starspot rotation periods as a function of spectral type and discuss the distribution of their amplitudes. We examined the well-established period-color relationship that applies to stars of spectral types F5-K for all of these rotational variables and, interestingly, found that a similar period-color relationship appears to extend to stars of spectral types A7 to early-F too. This result is not consistent with the very foundation of the period-color relationship. We have characterized 350 new non-radial pulsating variables such as A- and F-type candidate δ Scuti, γ Doradus and hybrid stars, which increases the known candidate non-radial pulsators in the Kepler field significantly, by ˜20%. The relationship between two recently constructed observables, Energy and Efficiency, was also studied for the large sample of non-radial pulsators, which shows that the distribution in the logarithm of Energy (log (En)) can be used as a potential tool to distinguish between the non-radial pulsators, to some extent. Through visual inspection of the light curves and their corresponding frequency spectra, we found 23 new candidate red giant solar-like oscillators not previously reported in the literature. The basic physical parameters such as masses, radii and luminosities of these solar-like oscillators were also derived using asteroseismic relations.</subfield>
  </datafield>
  <datafield tag="536" ind1=" " ind2=" ">
    <subfield code="a">BL/</subfield>
    <subfield code="c">11/</subfield>
    <subfield code="f">IN07</subfield>
  </datafield>
  <datafield tag="594" ind1=" " ind2=" ">
    <subfield code="a">NO</subfield>
  </datafield>
  <datafield tag="653" ind1="1" ind2=" ">
    <subfield code="a">stars: oscillations</subfield>
  </datafield>
  <datafield tag="653" ind1="1" ind2=" ">
    <subfield code="a">stars: rotation, starspots</subfield>
  </datafield>
  <datafield tag="653" ind1="1" ind2=" ">
    <subfield code="a">stars: variables: δ Scuti</subfield>
  </datafield>
  <datafield tag="653" ind1="1" ind2=" ">
    <subfield code="a">stars: variables</subfield>
  </datafield>
  <datafield tag="653" ind1="1" ind2=" ">
    <subfield code="a">stars: variables: solarlike</subfield>
  </datafield>
  <datafield tag="700" ind1=" " ind2=" ">
    <subfield code="a">Joshi, S.</subfield>
  </datafield>
  <datafield tag="700" ind1=" " ind2=" ">
    <subfield code="a">Engelbrecht, C. A.</subfield>
  </datafield>
  <datafield tag="700" ind1=" " ind2=" ">
    <subfield code="a">De Cat, P.</subfield>
  </datafield>
  <datafield tag="700" ind1=" " ind2=" ">
    <subfield code="a">Joshi, Y. C.</subfield>
  </datafield>
  <datafield tag="700" ind1=" " ind2=" ">
    <subfield code="a">Paul, K. T.</subfield>
  </datafield>
  <datafield tag="773" ind1=" " ind2=" ">
    <subfield code="p">Astrophysics and Space Science</subfield>
    <subfield code="v">363</subfield>
    <subfield code="y">2018</subfield>
    <subfield code="n">12</subfield>
    <subfield code="c">260 (1-18)</subfield>
  </datafield>
  <datafield tag="856" ind1="0" ind2=" ">
    <subfield code="f">peter.decat@observatoire.be</subfield>
  </datafield>
  <datafield tag="856" ind1="4" ind2="2">
    <subfield code="a">https://link.springer.com/article/10.1007%2Fs10509-018-3480-1</subfield>
  </datafield>
  <datafield tag="905" ind1=" " ind2=" ">
    <subfield code="a">published in</subfield>
  </datafield>
  <datafield tag="980" ind1=" " ind2=" ">
    <subfield code="a">REFERD</subfield>
  </datafield>
</record>
</collection>